00526nam a2200181Ia 4500008004100000020002500041040001900066041001200085082002500097100002000122245003800142250001100180260004500191300002200236504005000258650001800308850001800326140110s9999 xx 000 0 und d a978051837767cGBP 40 aLoreto College aEnglish a909/OUTbLCLIB/48699 aOutram, Dorinda 4aThe EnlightenmentcDorinda Outram a2nd ed aCambridgebUniversity of Cambridgec2005 axiii,165p c25 cm aIncludes bibliographical references and index aEnlightenment aLCLIB/909/OUT